| LEADER | 00931nam a2200325 4500 | ||
|---|---|---|---|
| 001 | DLU110117608 | ||
| 005 | ##20101221 | ||
| 040 | # | # | |a DLU |b eng |
| 041 | # | # | |a eng |
| 044 | # | # | |a ko |
| 245 | # | # | |a Properties of ZR alloy cladding after simulated loca oxidation and water quenching / |c Hyun-Gil Kim ... [et al.]. |
| 653 | # | # | |a Cladding |
| 653 | # | # | |a HANA |
| 653 | # | # | |a LOCA |
| 653 | # | # | |a Zirconium |
| 700 | # | # | |a Jeong, Yong-Hwan. |
| 700 | # | # | |a Jung, Yang-Il. |
| 700 | # | # | |a Kim, Hyun-Gil. |
| 700 | # | # | |a Kim, Il-Hyun. |
| 700 | # | # | |a Park, Jeong-Yong. |
| 773 | # | # | |t Nuclear engineering and technology |g Vol. 42, no. 2 (2010), p. 193-202 |
| 920 | # | # | |a Phòng Tạp chí -- Trung tâm Thông tin - Thư viện Trường Đại học Đà Lạt |
| 994 | # | # | |a DLU |
| 900 | # | # | |a True |
| 911 | # | # | |a Trương Bảo Trâm Anh |
| 925 | # | # | |a G |
| 926 | # | # | |a A |
| 927 | # | # | |a BB |
| 980 | # | # | |a Thư viện Trường Đại học Đà Lạt |